=LDR 00000nam 2200000 4500 =001 INLIS000000000038943 =005 20130612144612 =008 ***********************************ind** =035 ##$$0010-061300000038943 =041 ##$$a ind =082 ##$$a 813 =090 ##$$a 813, Dea l =100 ##$$a DEAVER, Jeffery =245 ##$$a Lidah tak bertulang, Jeffery deaver;Alih bahasa, B sendra tanuwidjaja =260 ##$$a 2008 $b Jakarta =300 ##$$a 448 Hlm, 18 cm =650 ##$$a FIKSI =850 ##$$a NBPNMAT =990 ##$$a 0001/BPAP-NTB/20142015 =990 ##$$a 0001/BPAP-NTB/20142015 =990 ##$$a 0001/BPAP-NTB/2016